000 00844nam a2200217 a 4500
003 0
005 20250329095219.0
008 050809s19uu xx 00 eng d
050 _aPGS LC 3745.S87
_b.B352 2005
100 _aBautista, Ramon Alfredo C.
245 _aA survey of foreign lower school students migrating to the Philippines /
_cRamon Alfredo C. Bautista.
260 _aLas PiƱas City, Philippines :
_bSouthville International School and Colleges,
_c2005.
300 _a24 pages :
_billustrations ;
_c28 cm.
504 _aIncludes bibliographical references.
650 _aEducation, Elementary
_zPhilippines.
650 _aForeign students
_zPhilippines.
650 _aMigration, Internal
_zPhilippines.
650 _aAcculturation
_zPhilippines.
650 _aCultural assimilation
_zPhilippines.
942 _2lcc
_cPASS
999 _c97344
_d97344